|
|
|
|
| LEADER |
00000cam a2200000 7i4500 |
| 001 |
0000019512 |
| 005 |
20080625.0 |
| 008 |
080617 |
| 020 |
|
|
|a 1582791023
|
| 090 |
0 |
0 |
|a 940.53
|b WAR
|
| 245 |
1 |
0 |
|a The war illustrated :
|b complete record of the conflict by land and sea and in the air :
|b under siege: July 1940 - January 1941, volume three
|c edited by Sir John Hammerton
|
| 260 |
|
|
|a Croatia :
|b Trident Press ,
|c 2000
|
| 440 |
|
|
|a The second world war,an illustrated history of WWII
|
| 650 |
|
0 |
|a World War, 1939-1945
|
| 650 |
|
0 |
|a World War, 1939-1945
|x Pictorial works
|
| 700 |
1 |
|
|a Hammerton, John, Sir 1871-1949
|
| 999 |
|
|
|a 0000826196
|b Book
|c REFERENCE
|e Cawangan Segamat
|
| 999 |
|
|
|a 0001024501
|b Book
|c REFERENCE
|e Perbadanan Perpustakaan Awam Johor
|